Romance de lobos: comedia bárbara dividida en tres jornadas
Guardado en:
| Autor principal: | |
|---|---|
| Formato: | Libro |
| Lenguaje: | español |
| Publicado: |
Madrid
Perlado, Páez
1914
|
| Colección: | Opera Omnia, 15
|
| Materias: | |
| Etiquetas: |
Agregar Etiqueta
Sin Etiquetas, Sea el primero en etiquetar este registro!
|
MARC
| LEADER | 00000nam a2200000 a 4500 | ||
|---|---|---|---|
| 001 | UCU4888 | ||
| 003 | CL-VaPUC | ||
| 008 | 960531e19140000SP |||||||||||||||||spa|d | ||
| 082 | 0 | 4 | |a 862 |b VAL |2 21 |
| 100 | 0 | |a Valle Inclán, Ramón del |e author |9 315482 | |
| 245 | 1 | 0 | |a Romance de lobos: comedia bárbara dividida en tres jornadas |
| 300 | |a 268 p | ||
| 942 | |c BK | ||
| 945 | |d 19960531 00:00:00 |a rbrito | ||
| 260 | |a Madrid |b Perlado, Páez |c 1914 | ||
| 650 | 0 | |a Drama español |9 265098 | |
| 583 | |a last modification |c 19960531 00:00:00 |k Rodrigo Vera | ||
| 490 | 0 | |a Opera Omnia, 15 | |
| 999 | |c 248416 |d 248414 | ||
| 952 | |0 0 |1 0 |4 0 |6 862_000000000000000_VAL_1914 |7 0 |8 A |9 265026 |a BIBEDU |b BIBEDU |d 2019-11-19 |i 3115097 |o 862 VAL 1914 |p 3115097 |r 2019-11-19 |w 2019-11-19 |y BK |k LIT | ||
| 952 | |0 0 |1 0 |4 0 |6 862_000000000000000_VAL_1914 |7 0 |8 A |9 265027 |a BIBEDU |b BIBEDU |d 2019-11-19 |i 3115100 |o 862 VAL 1914 |p 3115100 |r 2019-11-19 |w 2019-11-19 |y BK |k LIT | ||